000 00425nam a2200181Ia 4500
001 23904
005 20260414151008.0
008 260414t1989||||xx |||||||||||||| ||spa||
041 _aESP
082 _a720.973
_bN511
100 _aNabokov, Peter
_eAUT
245 0 _aNative american architecture
_b
260 _c1989
300 _a431 páginas :
_c28 cm.
650 _aABD
654 _aCAU
942 _cLIB
_dJUS
_fJUS
_2ddc
_n
999 _c23904
_d23904